| 000 | 00447nam a2200205Ia 4500 | ||
|---|---|---|---|
| 001 | 11914 | ||
| 003 | GE_BSU | ||
| 008 | 181216s||||||||xx |||||||||||||| ||und|| | ||
| 020 | _a0434010391 | ||
| 040 | _cGE_BSU | ||
| 080 | _a821.111-312.4 | ||
| 100 | _aReichs,Kathy. | ||
| 245 | _aMonday Mourning. | ||
| 260 | _aLondon | ||
| 260 | _bWilliam Heinemann. | ||
| 260 | _c2004. | ||
| 300 | _a305p;24cm. | ||
| 653 | _aMonday Mourning. | ||
| 942 | _cBK | ||
| 999 |
_c45091 _d45091 |
||